| 000 | 00635nam a2200265 b 4500 | ||
|---|---|---|---|
| 005 | 20240809132611.0 | ||
| 008 | 061129s2006 sp | ||| ||spa | ||
| 020 | _a9786077072256 | ||
| 041 | 1 | _aESP | |
| 082 | _a794.8 G643d | ||
| 100 | 1 |
_aGonzález, Daniel _951779 |
|
| 245 | 1 | 0 | _aDiseño de videojuegos: da forma a tus sueños |
| 260 | _aMéxico | ||
| 260 | _bDeusto | ||
| 260 | _c2012 | ||
| 300 | _a152 páginas | ||
| 650 | _aVIDEOJUEGOS | ||
| 650 | _aDISEÑO DE VIDEOJUEGOS | ||
| 650 | _aPROGRAMACIÓN | ||
| 650 | _aCOMPUTACIÓN | ||
| 650 | _aHTML | ||
| 650 | _aAUTOREALM | ||
| 942 |
_cBK _2ddc |
||
| 999 |
_c11545 _d11545 |
||